[Event "Russian Higher League 2021"]
[Site "?"]
[Date "2021.06.28"]
[Round "3.18"]
[White "Truskavetsky, Alexandr"]
[Black "Kezin, Roman"]
[Result "1/2-1/2"]
[WhiteElo "2386"]
[BlackElo "2486"]
[Annotator ""]
[Source ""]
[Remark ""]

1.d4 {[%clk 1:30:55]} d5 {[%clk 1:30:56]} 2.Nf3 {[%clk 1:31:11]}
Nf6 {[%clk 1:31:22]} 3.g3 {[%clk 1:31:35]} c5 {[%clk 1:29:03]}
4.Bg2 {[%clk 1:31:15]} cxd4 {[%clk 1:29:14]} 5.O-O {[%clk 1:31:30]}
h6 {[%clk 1:29:23]} 6.b3 {[%clk 1:31:12]} e6 {[%clk 1:29:33]}
7.Bb2 {[%clk 1:28:49]} Bc5 {[%clk 1:29:19]} 8.Bxd4 {[%clk 1:27:37]}
Bxd4 {[%clk 1:29:01]} 9.Qxd4 {[%clk 1:27:55]} Nc6 {[%clk 1:29:20]}
10.Qb2 {[%clk 1:27:56]} O-O {[%clk 1:25:15]} 11.Na3 {[%clk 1:01:18]}
Qe7 {[%clk 1:18:15]} 12.c4 {[%clk 0:57:49]} d4 {[%clk 0:30:02]}
13.b4 {[%clk 0:53:52]} Nxb4 {[%clk 0:11:28]} 14.Nxd4 {[%clk 0:52:36]}
e5 {[%clk 0:11:57]} 15.Nac2 {[%clk 0:52:33]} Nxc2 {[%clk 0:10:44]}
16.Nxc2 {[%clk 0:52:44]} e4 {[%clk 0:11:08]} 17.Ne3 {[%clk 0:52:41]}
Be6 {[%clk 0:07:54]} 18.Qe5 {[%clk 0:51:12]} Rfe8 {[%clk 0:06:21]}
19.Bxe4 {[%clk 0:46:06]} Nxe4 {[%clk 0:04:06]} 20.Qxe4 {[%clk 0:46:26]}
b6 {[%clk 0:04:31]} 21.a4 {[%clk 0:45:48]} Qc5 {[%clk 0:04:52]}
22.Rfb1 {[%clk 0:35:57]} Rac8 {[%clk 0:01:03]} 23.Rb5 {[%clk 0:32:24]}
Qc7 {[%clk 0:01:26]} 24.Re5 {[%clk 0:30:39]} Qd7 {[%clk 0:01:07]}
25.Qd3 {[%clk 0:23:04]} Qc6 {[%clk 0:00:33]} 26.a5 {[%clk 0:20:38]}
Red8 {[%clk 0:00:41]} 27.Qe4 {[%clk 0:07:27]} Rd2 {[%clk 0:01:10]}
28.axb6 {[%clk 0:06:14]} axb6 {[%clk 0:01:10]} 29.Nd5 {[%clk 0:06:06]}
Qd6 {[%clk 0:01:21]} 30.Qe3 {[%clk 0:04:11]} Rxc4 {[%clk 0:00:41]}
31.Rxe6 {[%clk 0:01:02]} Qxd5 {[%clk 0:01:11]} 32.Rxb6 {[%clk 0:00:50]}
Re4 {[%clk 0:01:10]} 33.Rb8+ {[%clk 0:00:47]} Kh7 {[%clk 0:01:39]}
34.Rd8 {[%clk 0:00:50]} Rxe3 {[%clk 0:01:29]} 35.Rxd5 {[%clk 0:01:10]}
Rexe2 {[%clk 0:01:57]} 36.Rxd2 {[%clk 0:01:26]} Rxd2 {[%clk 0:02:26]}
37.h4 {[%clk 0:01:47]} Rd7 {[%clk 0:02:52]} 38.Kg2 {[%clk 0:02:11]}
Re7 {[%clk 0:03:20]} 39.Rd1 {[%clk 0:02:32]} h5 {[%clk 0:03:47]}
40.Rd5 {[%clk 0:32:50]} g6 {[%clk 0:34:15]} 41.Rd4 1/2-1/2

[Event "Russian Higher League 2021"]
[Site "?"]
[Date "2021.06.28"]
[Round "3.19"]
[White "Grigorjev, Iljya"]
[Black "Rakhmanov, Aleksandr"]
[Result "0-1"]
[WhiteElo "2377"]
[BlackElo "2651"]
[Annotator ""]
[Source ""]
[Remark ""]

1.e4 {[%clk 1:30:53]} d5 {[%clk 1:26:37]} 2.exd5 {[%clk 1:31:14]}
Qxd5 {[%clk 1:27:01]} 3.Nc3 {[%clk 1:31:38]} Qd6 {[%clk 1:27:27]}
4.d4 {[%clk 1:32:00]} Nf6 {[%clk 1:27:11]} 5.Nf3 {[%clk 1:32:22]}
g6 {[%clk 1:27:35]} 6.Nb5 {[%clk 1:32:45]} Qb6 {[%clk 1:27:52]}
7.a4 {[%clk 1:33:08]} c6 {[%clk 1:28:06]} 8.a5 {[%clk 1:33:33]}
Qd8 {[%clk 1:28:29]} 9.Nc3 {[%clk 1:33:57]} Bg4 {[%clk 1:24:52]}
10.Be2 {[%clk 1:22:07]} Bg7 {[%clk 1:24:05]} 11.h3 {[%clk 1:22:23]}
Bxf3 {[%clk 1:21:18]} 12.Bxf3 {[%clk 1:22:46]} O-O {[%clk 1:16:15]}
13.O-O {[%clk 1:21:37]} e6 {[%clk 1:16:19]} 14.Ne2 {[%clk 1:09:01]}
Ne8 {[%clk 1:15:38]} 15.c4 {[%clk 1:06:14]} Nd6 {[%clk 1:12:36]}
16.b3 {[%clk 0:49:56]} Na6 {[%clk 1:12:12]} 17.Be3 {[%clk 0:47:36]}
Nf5 {[%clk 1:01:32]} 18.Qd2 {[%clk 0:47:34]} Nxe3 {[%clk 1:00:21]}
19.fxe3 {[%clk 0:43:34]} Qe7 {[%clk 0:51:19]} 20.b4 {[%clk 0:28:59]}
Nxb4 {[%clk 0:47:17]} 21.a6 {[%clk 0:29:24]} Nxa6 {[%clk 0:46:33]}
22.Bxc6 {[%clk 0:29:49]} bxc6 {[%clk 0:28:05]} 23.Rxa6 {[%clk 0:30:11]}
c5 {[%clk 0:28:12]} 24.Rf3 {[%clk 0:21:35]} Rfd8 {[%clk 0:24:48]}
25.Ra3 {[%clk 0:19:48]} Rac8 {[%clk 0:19:27]} 26.d5 {[%clk 0:09:30]}
exd5 {[%clk 0:19:27]} 27.cxd5 {[%clk 0:09:54]} c4 {[%clk 0:19:42]}
28.e4 {[%clk 0:10:20]} Qxe4 {[%clk 0:11:10]} 29.Rae3 {[%clk 0:10:42]}
Rxd5 {[%clk 0:05:37]} 30.Qe1 {[%clk 0:11:06]} Bd4 {[%clk 0:04:39]}
31.Nxd4 {[%clk 0:11:29]} Qxd4 {[%clk 0:05:06]} 32.Kh2 {[%clk 0:11:53]}
Rd7 {[%clk 0:03:33]} 33.Qf2 {[%clk 0:11:16]} c3 {[%clk 0:01:16]}
34.Rxf7 {[%clk 0:11:39]} Qd6+ {[%clk 0:01:19]} 35.Rf4 {[%clk 0:12:03]}
c2 {[%clk 0:00:47]} 0-1

[Event "Russian Higher League 2021"]
[Site "?"]
[Date "2021.06.28"]
[Round "3.20"]
[White "Kokarev, Dmitry"]
[Black "Samojlov, Anton"]
[Result "1-0"]
[WhiteElo "2618"]
[BlackElo "2372"]
[Annotator ""]
[Source ""]
[Remark ""]

1.e4 {[%clk 1:30:54]} c5 {[%clk 1:30:50]} 2.Nf3 {[%clk 1:31:17]}
Nc6 {[%clk 1:31:13]} 3.d4 {[%clk 1:31:38]} cxd4 {[%clk 1:31:35]}
4.Nxd4 {[%clk 1:32:04]} Nf6 {[%clk 1:31:55]} 5.Nc3 {[%clk 1:32:29]}
d6 {[%clk 1:32:13]} 6.Bg5 {[%clk 1:32:53]} e6 {[%clk 1:32:30]}
7.Qd2 {[%clk 1:33:16]} Qb6 {[%clk 1:32:31]} 8.Bxf6 {[%clk 1:33:28]}
gxf6 {[%clk 1:32:38]} 9.Nb3 {[%clk 1:33:52]} Bd7 {[%clk 1:28:15]}
10.Be2 {[%clk 1:33:57]} h5 {[%clk 1:27:22]} 11.O-O {[%clk 1:33:54]}
Ne5 {[%clk 1:25:53]} 12.a4 {[%clk 1:31:27]} Bh6 {[%clk 1:06:10]}
13.Qd1 {[%clk 1:26:35]} a6 {[%clk 0:57:41]} 14.a5 {[%clk 1:25:53]}
Qc7 {[%clk 0:53:02]} 15.Na4 {[%clk 1:16:51]} Bc6 {[%clk 0:52:45]}
16.Nb6 {[%clk 1:08:37]} Rd8 {[%clk 0:52:17]} 17.Qd4 {[%clk 1:07:14]}
f5 {[%clk 0:30:52]} 18.exf5 {[%clk 1:02:31]} Rg8 {[%clk 0:22:18]}
19.g3 {[%clk 1:01:20]} Qe7 {[%clk 0:14:23]} 20.fxe6 {[%clk 0:36:41]}
fxe6 {[%clk 0:10:53]} 21.Bxh5+ {[%clk 0:35:58]} Kf8 {[%clk 0:11:21]}
22.f4 {[%clk 0:34:59]} Ng4 {[%clk 0:11:05]} 23.Rae1 {[%clk 0:32:15]}
Qh4 {[%clk 0:01:11]} 24.gxh4 {[%clk 0:30:17]} Nf6+ {[%clk 0:01:04]}
25.Kf2 {[%clk 0:30:39]} Rg2+ {[%clk 0:01:06]} 26.Ke3 {[%clk 0:31:02]}
e5 {[%clk 0:00:57]} 27.Qd1 {[%clk 0:27:00]} Be4 {[%clk 0:01:26]}
28.Re2 {[%clk 0:24:29]} Rg7 {[%clk 0:00:42]} 29.Ref2 {[%clk 0:23:40]}
Bc6 {[%clk 0:00:44]} 30.Ke4 1-0

[Event "Russian Higher League 2021"]
[Site "?"]
[Date "2021.06.28"]
[Round "3.21"]
[White "Belyakov, Bogdan"]
[Black "Grachev, Alexey"]
[Result "1/2-1/2"]
[WhiteElo "2465"]
[BlackElo "2347"]
[Annotator ""]
[Source ""]
[Remark ""]

1.e4 {[%clk 1:30:58]} c5 {[%clk 1:30:56]} 2.c3 {[%clk 1:31:24]}
Nf6 {[%clk 1:31:20]} 3.e5 {[%clk 1:31:50]} Nd5 {[%clk 1:31:47]}
4.d4 {[%clk 1:32:14]} cxd4 {[%clk 1:32:10]} 5.Nf3 {[%clk 1:32:21]}
Nc6 {[%clk 1:31:31]} 6.cxd4 {[%clk 1:32:44]} d6 {[%clk 1:31:58]}
7.Bc4 {[%clk 1:33:07]} dxe5 {[%clk 1:32:09]} 8.dxe5 {[%clk 1:33:30]}
Ndb4 {[%clk 1:31:45]} 9.Qb3 {[%clk 1:33:52]} e6 {[%clk 1:32:11]}
10.O-O {[%clk 1:26:12]} Na5 {[%clk 1:32:09]} 11.Qa4+ {[%clk 1:26:35]}
Bd7 {[%clk 1:32:35]} 12.Bb5 {[%clk 1:27:00]} Bxb5 {[%clk 1:32:39]}
13.Qxb5+ {[%clk 1:27:19]} Nac6 {[%clk 1:32:55]} 14.Nc3 {[%clk 1:27:40]}
a6 {[%clk 1:33:13]} 15.Qc4 {[%clk 1:28:05]} Qd3 {[%clk 1:33:27]}
16.Qg4 {[%clk 1:28:30]} Qg6 {[%clk 1:33:46]} 17.Qxg6 {[%clk 1:28:53]}
hxg6 {[%clk 1:34:12]} 18.Rd1 {[%clk 1:29:15]} Be7 {[%clk 1:22:09]}
19.a3 {[%clk 1:29:36]} Nc2 {[%clk 1:22:31]} 20.Ra2 {[%clk 1:30:01]}
Rd8 {[%clk 1:21:46]} 21.Rxd8+ {[%clk 1:30:24]} Bxd8 {[%clk 1:22:05]}
22.b4 {[%clk 1:30:47]} N2d4 {[%clk 1:22:28]} 23.Nxd4 {[%clk 1:31:13]}
Nxd4 {[%clk 1:22:56]} 24.Ne4 {[%clk 1:31:34]} Be7 {[%clk 1:14:14]}
25.Be3 {[%clk 1:29:04]} Nc6 {[%clk 1:14:15]} 26.f4 {[%clk 1:29:27]}
Kd7 {[%clk 1:01:12]} 27.Bb6 {[%clk 1:19:39]} Kc8 {[%clk 0:55:27]}
28.Rc2 {[%clk 1:13:14]} Kb8 {[%clk 0:48:41]} 29.g3 {[%clk 1:10:42]}
Re8 {[%clk 0:40:04]} 30.Kg2 {[%clk 1:05:33]} f6 {[%clk 0:32:59]}
31.exf6 {[%clk 0:58:26]} gxf6 {[%clk 0:33:27]} 32.Rd2 {[%clk 0:53:50]}
e5 {[%clk 0:24:07]} 33.fxe5 {[%clk 0:49:32]} Nxe5 {[%clk 0:24:11]}
34.Rc2 {[%clk 0:48:48]} Nc6 {[%clk 0:22:58]} 35.h4 {[%clk 0:36:48]}
f5 {[%clk 0:21:27]} 36.Nc3 {[%clk 0:34:52]} Bd8 {[%clk 0:20:40]}
37.Bf2 {[%clk 0:34:10]} Bc7 {[%clk 0:19:38]} 38.Nd5 {[%clk 0:33:07]}
Rd8 {[%clk 0:18:41]} 39.Nxc7 {[%clk 0:32:24]} Kxc7 {[%clk 0:17:45]}
40.Kf3 {[%clk 1:01:21]} Kd6 {[%clk 0:36:46]} 41.Re2 {[%clk 0:53:45]}
Ne5+ {[%clk 0:16:08]} 42.Kf4 {[%clk 0:53:38]} Nd3+ {[%clk 0:16:34]}
43.Kg5 {[%clk 0:53:38]} Nxf2 {[%clk 0:16:59]} 44.Rxf2 {[%clk 0:53:56]}
Ke6 {[%clk 0:17:10]} 45.Rf3 {[%clk 0:50:10]} Rd4 {[%clk 0:17:21]}
46.Kxg6 {[%clk 0:49:19]} Rg4+ {[%clk 0:17:47]} 47.Kh7 {[%clk 0:48:30]}
Kf6 {[%clk 0:17:46]} 48.Rd3 {[%clk 0:46:44]} f4 {[%clk 0:12:34]}
49.Rf3 {[%clk 0:44:28]} Rxg3 {[%clk 0:13:00]} 50.Rxf4+ {[%clk 0:44:53]}
Ke5 {[%clk 0:13:07]} 51.Rf7 {[%clk 0:45:17]} Rxa3 {[%clk 0:13:14]}
52.h5 {[%clk 0:44:38]} b5 {[%clk 0:07:34]} 53.h6 {[%clk 0:43:58]}
Rb3 {[%clk 0:01:16]} 54.Kg6 {[%clk 0:41:27]} Rg3+ {[%clk 0:01:31]}
55.Kh5 {[%clk 0:41:35]} Rh3+ {[%clk 0:01:02]} 56.Kg5 {[%clk 0:41:55]}
Rg3+ {[%clk 0:00:59]} 57.Kh4 {[%clk 0:42:14]} Rg1 {[%clk 0:01:08]}
58.h7 {[%clk 0:40:15]} Rh1+ {[%clk 0:01:17]} 59.Kg5 {[%clk 0:40:08]}
Rg1+ {[%clk 0:01:10]} 60.Kh5 {[%clk 0:38:39]} Rh1+ {[%clk 0:01:22]}
61.Kg6 {[%clk 0:39:03]} Rg1+ {[%clk 0:00:33]} 62.Kh6 {[%clk 0:39:26]} 1/2-1/2

[Event "Russian Higher League 2021"]
[Site "?"]
[Date "2021.06.28"]
[Round "3.22"]
[White "Samusenko, Maksim"]
[Black "Ibadov, Dashgyn"]
[Result "1-0"]
[WhiteElo "2460"]
[BlackElo "2285"]
[Annotator ""]
[Source ""]
[Remark ""]

1.e4 {[%clk 1:30:51]} e5 {[%clk 1:30:53]} 2.Bc4 {[%clk 1:31:06]}
Nf6 {[%clk 1:31:07]} 3.d3 {[%clk 1:31:24]} Nc6 {[%clk 1:29:43]}
4.Nc3 {[%clk 1:31:18]} Bc5 {[%clk 1:29:58]} 5.f4 {[%clk 1:30:12]}
d6 {[%clk 1:30:16]} 6.Nf3 {[%clk 1:29:59]} exf4 {[%clk 1:25:10]}
7.Bxf4 {[%clk 1:28:33]} O-O {[%clk 1:24:48]} 8.Na4 {[%clk 1:25:26]}
d5 {[%clk 1:23:40]} 9.Nxc5 {[%clk 1:04:12]} dxc4 {[%clk 1:23:53]}
10.O-O {[%clk 0:43:53]} b6 {[%clk 1:15:13]} 11.Na4 {[%clk 0:41:29]}
cxd3 {[%clk 1:08:51]} 12.Qxd3 {[%clk 0:41:20]} Qxd3 {[%clk 1:00:24]}
13.cxd3 {[%clk 0:41:49]} Ba6 {[%clk 0:58:24]} 14.Rfd1 {[%clk 0:37:26]}
Nb4 {[%clk 0:55:43]} 15.Ne1 {[%clk 0:36:44]} Rad8 {[%clk 0:42:58]}
16.Bxc7 {[%clk 0:31:40]} Rd7 {[%clk 0:43:23]} 17.Be5 {[%clk 0:29:22]}
Ng4 {[%clk 0:39:42]} 18.Bf4 {[%clk 0:27:23]} Nxd3 {[%clk 0:36:37]}
19.Nxd3 {[%clk 0:26:29]} Bxd3 {[%clk 0:35:35]} 20.Nc3 {[%clk 0:25:49]}
Rfd8 {[%clk 0:23:36]} 21.h3 {[%clk 0:20:34]} Nf6 {[%clk 0:23:42]}
22.Bg5 {[%clk 0:17:26]} Bc4 23.e5 {[%clk 0:17:54]} Rxd1+ {[%clk 0:20:44]}
24.Nxd1 h6 {[%clk 0:17:35]} 25.Bxf6 {[%clk 0:13:48]} gxf6 {[%clk 0:18:00]}
26.exf6 {[%clk 0:14:16]} Rd2 {[%clk 0:17:37]} 27.b3 {[%clk 0:13:37]}
Bd5 {[%clk 0:15:33]} 28.Ne3 {[%clk 0:13:45]} Be4 {[%clk 0:15:02]}
29.Rc1 {[%clk 0:09:41]} Re2 {[%clk 0:12:15]} 30.Rc4 {[%clk 0:08:43]}
Rxe3 {[%clk 0:09:45]} 31.Kf2 {[%clk 0:09:10]} Rd3 {[%clk 0:10:11]}
32.Rxe4 {[%clk 0:09:36]} Rd6 {[%clk 0:09:06]} 33.Re7 {[%clk 0:03:42]}
Rxf6+ {[%clk 0:09:24]} 34.Ke3 {[%clk 0:04:04]} a5 {[%clk 0:08:07]}
35.a4 {[%clk 0:04:19]} Rd6 {[%clk 0:07:44]} 36.Re5 {[%clk 0:03:17]}
Kg7 {[%clk 0:07:57]} 37.Rf5 {[%clk 0:02:52]} Kg6 {[%clk 0:04:40]}
38.g4 {[%clk 0:03:04]} f6 {[%clk 0:03:53]} 39.Rb5 {[%clk 0:02:51]}
Kf7 {[%clk 0:03:44]} 40.Ke4 {[%clk 0:32:23]} Ke6 {[%clk 0:31:16]}
41.Kf4 {[%clk 0:27:44]} Kf7 {[%clk 0:25:53]} 42.Ke3 {[%clk 0:22:39]}
Kg6 {[%clk 0:23:33]} 43.h4 {[%clk 0:21:55]} Kf7 {[%clk 0:18:15]}
44.Kf4 {[%clk 0:19:46]} Rd4+ {[%clk 0:16:19]} 45.Kf5 {[%clk 0:15:34]}
Rd6 {[%clk 0:16:38]} 46.Ke4 {[%clk 0:15:44]} Re6+ {[%clk 0:11:42]}
47.Kf4 {[%clk 0:13:16]} Rd6 {[%clk 0:11:48]} 48.Kf5 {[%clk 0:13:32]}
Kg7 {[%clk 0:12:04]} 49.Ke4 {[%clk 0:12:47]} Re6+ {[%clk 0:06:14]}
50.Kd4 {[%clk 0:12:45]} Kf7 {[%clk 0:05:09]} 51.Rf5 {[%clk 0:07:01]}
Kg6 {[%clk 0:02:38]} 52.Rd5 {[%clk 0:06:03]} Kf7 {[%clk 0:02:14]}
53.Rd7+ {[%clk 0:05:32]} Kg6 {[%clk 0:02:39]} 54.h5+ {[%clk 0:04:24]}
Kg5 {[%clk 0:03:06]} 55.Rg7+ {[%clk 0:04:49]} Kf4 {[%clk 0:03:32]}
56.Rg6 {[%clk 0:04:44]} Rc6 {[%clk 0:02:55]} 57.Kd5 {[%clk 0:03:16]}
Rc5+ {[%clk 0:02:58]} 58.Kd4 {[%clk 0:02:58]} Rc6 {[%clk 0:03:17]}
59.Kd5 {[%clk 0:02:41]} Rc5+ {[%clk 0:03:43]} 60.Ke6 {[%clk 0:02:48]}
Rc3 {[%clk 0:01:31]} 61.Kxf6 {[%clk 0:03:06]} Rxb3 {[%clk 0:01:54]}
62.Kg7 {[%clk 0:03:22]} b5 {[%clk 0:02:00]} 63.axb5 {[%clk 0:02:59]}
Rxb5 {[%clk 0:02:25]} 64.Kxh6 {[%clk 0:03:13]} a4 {[%clk 0:02:47]}
65.g5 {[%clk 0:03:23]} Ra5 {[%clk 0:02:20]} 66.Rf6+ {[%clk 0:02:51]}
Kg4 {[%clk 0:02:47]} 67.Rf1 {[%clk 0:03:07]} a3 {[%clk 0:02:58]}
68.Rg1+ {[%clk 0:02:50]} Kh4 {[%clk 0:00:52]} 69.Rh1+ {[%clk 0:03:14]}
Kg4 {[%clk 0:00:53]} 70.g6 {[%clk 0:03:35]} a2 {[%clk 0:00:51]}
71.g7 {[%clk 0:03:41]} Rg5 {[%clk 0:00:37]} 72.Rg1+ {[%clk 0:02:46]}
Kh4 {[%clk 0:01:02]} 73.Rxg5 {[%clk 0:03:04]} a1Q {[%clk 0:01:26]}
74.g8Q {[%clk 0:03:29]} Qc1 {[%clk 0:00:38]} 75.Qd5 {[%clk 0:03:26]} 1-0

[Event "Russian Higher League 2021"]
[Site "?"]
[Date "2021.06.28"]
[Round "3.23"]
[White "Askerov, Marat"]
[Black "Obgolts, Erik"]
[Result "0-1"]
[WhiteElo "2354"]
[BlackElo "2425"]
[Annotator ""]
[Source ""]
[Remark ""]

1.d4 {[%clk 1:30:57]} Nf6 {[%clk 1:30:52]} 2.c4 {[%clk 1:31:22]}
g6 {[%clk 1:31:11]} 3.Nf3 {[%clk 1:31:48]} Bg7 {[%clk 1:31:32]}
4.g3 {[%clk 1:32:13]} O-O {[%clk 1:31:34]} 5.Bg2 {[%clk 1:32:40]}
d6 {[%clk 1:30:56]} 6.O-O {[%clk 1:33:03]} c6 {[%clk 1:31:05]}
7.Nc3 {[%clk 1:32:44]} Bf5 {[%clk 1:31:29]} 8.Nh4 {[%clk 1:03:47]}
Be6 {[%clk 1:31:48]} 9.d5 {[%clk 1:03:13]} cxd5 {[%clk 1:32:13]}
10.cxd5 {[%clk 1:03:39]} Bd7 {[%clk 1:32:39]} 11.Nf3 {[%clk 1:03:38]}
Na6 {[%clk 1:31:06]} 12.Nd4 {[%clk 1:03:26]} Qb6 {[%clk 1:26:08]}
13.Nb3 {[%clk 0:55:58]} Rfc8 {[%clk 1:04:01]} 14.Be3 {[%clk 0:54:02]}
Qb4 {[%clk 1:02:00]} 15.h3 {[%clk 0:48:24]} Ba4 {[%clk 0:56:11]}
16.Bd4 {[%clk 0:28:39]} Ne8 {[%clk 0:32:43]} 17.Bxg7 {[%clk 0:21:58]}
Bxb3 {[%clk 0:31:41]} 18.axb3 {[%clk 0:17:00]} Nxg7 {[%clk 0:30:17]}
19.Ra4 {[%clk 0:11:05]} Qb6 {[%clk 0:30:22]} 20.Rf4 {[%clk 0:09:41]}
Nh5 {[%clk 0:28:01]} 21.Rd4 {[%clk 0:07:38]} Nc5 {[%clk 0:27:00]}
22.b4 {[%clk 0:07:20]} Nd7 {[%clk 0:27:20]} 23.Bf3 {[%clk 0:06:08]}
Nhf6 {[%clk 0:27:14]} 24.e3 {[%clk 0:06:33]} a5 {[%clk 0:26:37]}
25.b5 {[%clk 0:06:40]} Nc5 {[%clk 0:25:59]} 26.h4 {[%clk 0:06:25]}
a4 {[%clk 0:25:25]} 27.h5 {[%clk 0:02:01]} a3 {[%clk 0:25:17]}
28.bxa3 {[%clk 0:01:28]} Rxa3 {[%clk 0:25:04]} 29.Rc4 {[%clk 0:01:14]}
Rca8 {[%clk 0:21:11]} 30.hxg6 {[%clk 0:01:08]} hxg6 {[%clk 0:21:16]}
31.Be2 {[%clk 0:01:01]} Ncd7 {[%clk 0:21:12]} 32.Qd4 {[%clk 0:00:57]}
Qxd4 {[%clk 0:17:38]} 33.exd4 {[%clk 0:01:26]} Ne8 {[%clk 0:17:02]}
34.Nb1 {[%clk 0:00:50]} Rb3 {[%clk 0:15:49]} 35.Rfc1 {[%clk 0:00:34]}
Nb6 {[%clk 0:15:52]} 36.R4c2 {[%clk 0:00:39]} Rb4 {[%clk 0:15:41]}
37.Rd2 {[%clk 0:00:35]} Ra1 {[%clk 0:15:38]} 38.Bd3 {[%clk 0:00:55]}
Rxd4 {[%clk 0:15:33]} 39.Kf1 {[%clk 0:01:04]} Nf6 {[%clk 0:15:40]}
40.Ke2 {[%clk 0:31:15]} Nfxd5 {[%clk 0:46:05]} 41.Rb2 {[%clk 0:30:06]}
Na4 {[%clk 0:46:21]} 42.Rc8+ {[%clk 0:29:27]} Kg7 {[%clk 0:46:45]}
43.Rd2 {[%clk 0:29:40]} Rxb1 {[%clk 0:45:32]} 44.Bxb1 {[%clk 0:30:01]}
Nac3+ {[%clk 0:45:58]} 45.Ke1 {[%clk 0:29:32]} Rxd2 {[%clk 0:46:23]}
46.Kxd2 {[%clk 0:29:58]} Nxb1+ {[%clk 0:46:50]} 0-1

[Event "Russian Higher League 2021"]
[Site "?"]
[Date "2021.06.28"]
[Round "3.24"]
[White "Savitskiy, Sergey"]
[Black "Tugarin, Anton"]
[Result "1-0"]
[WhiteElo "2437"]
[BlackElo "2247"]
[Annotator ""]
[Source ""]
[Remark ""]

1.Nf3 d5 {[%clk 1:27:16]} 2.g3 {[%clk 1:31:18]} Nf6 {[%clk 1:26:26]}
3.Bg2 {[%clk 1:31:27]} Bf5 {[%clk 1:26:31]} 4.c4 {[%clk 1:28:45]}
c6 {[%clk 1:26:49]} 5.cxd5 {[%clk 1:26:31]} cxd5 {[%clk 1:27:03]}
6.Qb3 {[%clk 1:26:51]} Nc6 {[%clk 1:27:17]} 7.Qxb7 {[%clk 1:19:49]}
Rc8 {[%clk 1:27:29]} 8.O-O {[%clk 1:17:54]} e5 {[%clk 1:24:55]}
9.d4 {[%clk 1:09:37]} exd4 {[%clk 1:21:23]} 10.Bf4 {[%clk 1:05:35]}
Bd6 {[%clk 1:01:36]} 11.Rc1 {[%clk 1:01:48]} Qd7 {[%clk 1:01:29]}
12.Qxd7+ {[%clk 0:55:37]} Kxd7 {[%clk 1:00:59]} 13.Bxd6 {[%clk 0:56:03]}
Kxd6 {[%clk 1:00:59]} 14.Na3 {[%clk 0:56:27]} a6 {[%clk 0:57:10]}
15.Rxc6+ {[%clk 0:55:12]} Rxc6 {[%clk 0:56:55]} 16.Nxd4 {[%clk 0:55:35]}
Rhc8 {[%clk 0:54:40]} 17.Nxf5+ {[%clk 0:49:43]} Ke5 {[%clk 0:54:22]}
18.Bh3 {[%clk 0:49:20]} Rc1+ {[%clk 0:53:41]} 19.Rxc1 {[%clk 0:47:44]}
Rxc1+ {[%clk 0:53:57]} 20.Kg2 {[%clk 0:48:10]} g6 {[%clk 0:52:41]}
21.Nh6 {[%clk 0:33:55]} Rc7 {[%clk 0:50:20]} 22.Ng4+ {[%clk 0:28:14]}
Nxg4 {[%clk 0:49:57]} 23.Bxg4 {[%clk 0:28:35]} f5 {[%clk 0:49:15]}
24.Bf3 {[%clk 0:28:49]} Rc1 {[%clk 0:44:20]} 25.e3 {[%clk 0:28:07]}
Ra1 {[%clk 0:40:35]} 26.Nc2 {[%clk 0:28:05]} Rxa2 {[%clk 0:39:49]}
27.Nb4 {[%clk 0:28:23]} Ra4 {[%clk 0:37:21]} 28.Nxd5 {[%clk 0:28:42]}
a5 {[%clk 0:37:22]} 29.h4 {[%clk 0:20:16]} Kd6 {[%clk 0:14:54]}
30.Nf4 {[%clk 0:15:02]} Rc4 {[%clk 0:13:54]} 31.b3 {[%clk 0:12:50]}
Rc3 {[%clk 0:13:15]} 32.Bd5 {[%clk 0:10:48]} h6 {[%clk 0:09:55]}
33.Bf7 {[%clk 0:10:12]} g5 {[%clk 0:10:05]} 34.Ne2 {[%clk 0:09:27]}
Rc7 {[%clk 0:06:01]} 35.Bg6 {[%clk 0:09:36]} Ke5 {[%clk 0:06:05]}
36.h5 {[%clk 0:07:38]} Rc5 {[%clk 0:01:10]} 37.f4+ {[%clk 0:06:18]}
gxf4 {[%clk 0:01:05]} 38.exf4+ {[%clk 0:06:43]} Kf6 {[%clk 0:00:34]}
39.Kf3 {[%clk 0:04:29]} Rc2 {[%clk 0:00:33]} 40.Bxf5 {[%clk 0:34:29]}
Ra2 {[%clk 0:30:38]} 41.Nd4 {[%clk 0:32:54]} a4 {[%clk 0:30:35]}
42.bxa4 {[%clk 0:32:37]} Rxa4 {[%clk 0:30:08]} 43.Ke3 {[%clk 0:32:49]}
Ra5 {[%clk 0:27:18]} 44.Bg6 {[%clk 0:32:59]} Ra3+ {[%clk 0:27:37]}
45.Kf2 {[%clk 0:33:21]} Ra2+ {[%clk 0:26:30]} 46.Kf3 {[%clk 0:33:38]}
Ra3+ {[%clk 0:26:54]} 47.Kg4 {[%clk 0:33:51]} Ra8 {[%clk 0:27:06]}
48.Nf5 {[%clk 0:34:15]} Rh8 {[%clk 0:27:32]} 49.Nd6 {[%clk 0:34:41]}
Ra8 {[%clk 0:27:42]} 50.Nf5 {[%clk 0:34:28]} Rh8 {[%clk 0:28:07]}
51.Kf3 {[%clk 0:34:53]} Ke6 {[%clk 0:28:27]} 52.g4 {[%clk 0:35:16]}
Ra8 {[%clk 0:28:03]} 53.Nxh6 {[%clk 0:35:04]} Ra3+ {[%clk 0:28:23]}
54.Ke4 {[%clk 0:34:59]} Ra4+ {[%clk 0:28:37]} 55.Ke3 {[%clk 0:35:24]}
Ra3+ {[%clk 0:28:51]} 56.Bd3 {[%clk 0:35:47]} Kf6 {[%clk 0:29:10]}
57.g5+ {[%clk 0:36:11]} Kg7 {[%clk 0:29:34]} 58.Nf5+ {[%clk 0:36:28]}
Kh8 {[%clk 0:29:20]} 59.h6 {[%clk 0:36:45]} Kh7 {[%clk 0:29:02]}
60.Nd6+ {[%clk 0:36:55]} 1-0

[Event "Russian Higher League 2021"]
[Site "?"]
[Date "2021.06.28"]
[Round "3.25"]
[White "Galaktionov, Artem"]
[Black "Chyndygyr, Tamerlan"]
[Result "1/2-1/2"]
[WhiteElo "2318"]
[BlackElo "2121"]
[Annotator ""]
[Source ""]
[Remark ""]

1.d4 {[%clk 1:30:58]} Nf6 {[%clk 1:30:52]} 2.c4 {[%clk 1:31:24]}
c5 {[%clk 1:31:19]} 3.d5 {[%clk 1:31:50]} b5 {[%clk 1:31:42]}
4.g3 {[%clk 1:28:31]} g6 {[%clk 1:31:20]} 5.Bg2 {[%clk 1:28:57]}
d6 {[%clk 1:31:37]} 6.e4 {[%clk 1:24:39]} Bg7 {[%clk 1:30:27]}
7.Ne2 {[%clk 1:20:53]} O-O {[%clk 1:27:54]} 8.O-O {[%clk 1:18:54]}
Nbd7 {[%clk 1:25:42]} 9.cxb5 {[%clk 1:16:35]} a6 {[%clk 1:25:55]}
10.Nbc3 {[%clk 1:17:02]} axb5 {[%clk 1:23:40]} 11.Nxb5 {[%clk 1:16:10]}
Ba6 {[%clk 1:23:23]} 12.Nec3 {[%clk 1:14:26]} Ne8 {[%clk 1:22:16]}
13.Re1 {[%clk 1:12:56]} Nc7 {[%clk 1:21:30]} 14.Bf1 {[%clk 1:12:00]}
Nxb5 {[%clk 1:14:39]} 15.Nxb5 {[%clk 1:12:09]} f5 {[%clk 1:14:18]}
16.a4 {[%clk 0:58:06]} Ne5 {[%clk 0:42:09]} 17.f4 {[%clk 0:34:20]}
Ng4 {[%clk 0:42:10]} 18.exf5 {[%clk 0:34:43]} gxf5 {[%clk 0:42:11]}
19.h3 {[%clk 0:34:25]} Nf6 {[%clk 0:41:54]} 20.Ra3 {[%clk 0:33:28]}
Ne4 {[%clk 0:37:52]} 21.Qf3 {[%clk 0:28:12]} e5 {[%clk 0:28:05]}
22.Bd3 {[%clk 0:25:04]} exf4 {[%clk 0:24:38]} 23.Rxe4 {[%clk 0:14:20]}
fxe4 {[%clk 0:24:33]} 24.Qxe4 {[%clk 0:14:49]} Bd4+ {[%clk 0:20:33]}
25.Nxd4 {[%clk 0:14:42]} Bxd3 {[%clk 0:20:45]} 26.Qe6+ {[%clk 0:15:10]}
Kh8 {[%clk 0:19:20]} 27.Nc6 {[%clk 0:15:30]} Qg5 {[%clk 0:16:14]}
28.Rxd3 {[%clk 0:13:49]} Rae8 {[%clk 0:13:08]} 29.Bxf4 {[%clk 0:09:54]}
Rxe6 {[%clk 0:08:44]} 30.Bxg5 {[%clk 0:09:28]} Re1+ {[%clk 0:09:09]}
31.Kg2 {[%clk 0:09:56]} Re2+ {[%clk 0:09:34]} 32.Kg1 {[%clk 0:10:23]}
Re1+ {[%clk 0:09:57]} 33.Kg2 {[%clk 0:10:39]} Re2+ {[%clk 0:10:20]}
34.Kg1 {[%clk 0:11:04]} Re1+ {[%clk 0:10:47]} 35.Kg2 {[%clk 0:11:31]}
Re2+ {[%clk 0:11:12]} 36.Kg1 {[%clk 0:11:58]} Re1+ {[%clk 0:11:38]}
37.Kg2 {[%clk 0:12:25]} Re2+ {[%clk 0:12:03]} 38.Kg1 {[%clk 0:12:53]}
Re1+ {[%clk 0:12:27]} 39.Kg2 {[%clk 0:13:20]} Re2+ {[%clk 0:12:49]}
40.Kg1 {[%clk 0:43:47]} Re1+ {[%clk 0:43:12]} 41.Kg2 {[%clk 0:44:14]} 1/2-1/2